| 000 | 00992pam a2200277 a 4500 | ||
|---|---|---|---|
| 001 | 3568 | ||
| 005 | 20240320155520.0 | ||
| 020 | _a0590470671 | ||
| 040 |
_aDLC _cDLC _dDLC _beng |
||
| 050 | 0 | 0 |
_aPZ8.3.C3133 _b1992 |
| 082 | 0 | 0 | _a808.068 |
| 100 | 1 | _aCauley, Lorinda Bryan | |
| 245 | 1 | 0 |
_aClap your hands / _cLorinda Bryan Cauley |
| 250 | _aFirst Scholastic printing , February 1993 | ||
| 260 |
_aNew York : _bScholastic, _c1992 |
||
| 300 |
_a32 unnumbered pages : _bcolor illustrations ; _c22 cm . |
||
| 505 | _aG | ||
| 520 | _aRhyming text instructs the listener to find something yellow, roar like a lion, give a kiss, tell a secret, spin in a circle, and perform other playful activities along with the human and animal characters pictured. | ||
| 521 |
_a410
_bLexile |
||
| 521 |
_aG
_bRaz-Plus |
||
| 650 | 1 |
_aPlay _xFiction |
|
| 650 | 1 |
_aAnimals _xFiction |
|
| 650 | 1 | _aStories in rhyme | |
| 906 |
_a7 _bcbc _corignew _d1 _eocip _f19 _gy-gencatlg |
||
| 942 |
_2ddc _cBK _n0 |
||
| 999 |
_c3568 _d3568 |
||